LEADER 01207nam a2200301 a 4500 001 000000131700 003 CaOOAMICUS 005 20121127130827.0 008 121127s1952 it u000 u ita r 040 $aPUL$bita 041 1 $aita$heng 100 1 $aCommager, Henry Steele,$d1902-1998.$0(OLS)http://pul/name/28276 240 10$aAmerican mind.$lItaliano.$0(OLS)http://pul/title/166406 245 13$aLo spirito americano /$cdi H.S. Commager. 260 $aFirenze :$bLa Nuova Italia,$c1952. 300 $aXIII, 538 p. ;$c24 cm 490 1 $aStorici antichi e moderni. Nuova serie ;$v11 500 $aInclude indice e bibliografia di riferimento. 651 4$aStati Uniti$xCiviltà.$0(OLS)http://pul/subject/24096 830 0$aStorici antichi e moderni.$pN.S. ;$v11.$0(OLS)http://pul/title/4487 850 $aPUL 852 $aPUL$W1$xDP1 Fondo E. Rossi$y115$m1 C 87$j42096$qFondi$B150936$CPULBib$Z2$F150936 $82 941 1 $a1 960 $aStati Uniti d'America$924096 961 $aSul dorso collocazione ms. di E. Rossi: C 61 996 $6245$aLo spirito americano$9(OLS)http://pul/title/166405 996 $6260$aFirenze :$bLa Nuova Italia$9(OLS)http://pul/publisher/48361 LEADER 01229cam a22002534a 4500 001 000000104974 003 CaOOAMICUS 005 20070511141041.0 008 070511s2005 it b 000 0 ita d 020 $a88-498-1209-4 040 $aItFiC$b $cItFiC$dDLC$dPUL$dLDA 100 1 $aCasu, Antonio.$0(OLS)http://pul/name/64519 245 10$aDemocrazia e sicurezza :$bl'istituzione parlamentare e le sfide del nuovo scenario internazionale / Antonio Casu. 260 $aSoveria Mannelli :$bRubbettino,$cc.2005. 300 $a159 p. ;$c21 cm. 504 $aInclude riferimenti bibliografici 650 04$aDemocrazia$xSociologia.$0(OLS)http://pul/subject/2101 650 04$aDemocrazia$xSicurezza pubblica.$0(OLS)http://pul/subject/33270 850 $aPUL 852 $aPUL$W1$xSL Diritto e Scienze Sociali 3$y79$m363. 3 CASAN 1$j117575$qDDC 21$B117518$CPULBib$Z2$F117518 $H103362 $82 941 1 $a9 996 $6020$a88-498-1209-4$9(OLS)http://pul/number/134313 996 $6245$aDemocrazia e sicurezza :$bl'istituzione parlamentare e le sfide del nuovo scenario internazionale / Antonio Casu$9(OLS)http://pul/title/132032 996 $6260$aSoveria Mannelli :$bRubbettino$9(OLS)http://pul/publisher/51639 LEADER 00965nam a2200253 a 4500 001 000000132693 003 CaOOAMICUS 005 20130207133415.0 008 130207s2009 it a u000 u ita r 040 $aPUL$bita 082 04$a709 245 00$aRoma :$bgli eventi culturali 2008: MMDCCLXI ab urbe condita. 260 $aRoma :$bIl Parnaso,$c2009?. 300 $a143 p. :$bill. ;$c30 cm 500 $aEd. in 500 esempl. num. 650 4$aArte$zItalia$zRoma.$0(OLS)http://pul/subject/28958 850 $aPUL 852 $aPUL$W1$xDP2 Cons. Gen., Altre Classi 3$y97$m709 PARNA 1$j152644$qDDC 21$B152050$CPULBib$Z2$F152050 $H110536 $82 941 1 $a9 961 $aEsemplare n. 373. 996 $6082$a709$9(OLS)http://pul/classification/2349 996 $6245$aRoma :$bgli eventi culturali 2008: MMDCCLXI ab urbe condita$9(OLS)http://pul/title/167655 996 $6260$aRoma :$bIl Parnaso$9(OLS)http://pul/publisher/82267